[Event "FRA-ch U08"]
[Site "Aix les Bains"]
[Date "2006.??.??"]
[Round "1"]
[White "Bellahcene, Bilel"]
[Black "Chardon, Xavier"]
[Result "0-1"]
[WhiteElo "1670"]
[BlackElo "1420"]
[PlyCount "90"]
[EventDate "2006.04.16"]
[EventType "swiss"]
[EventRounds "9"]
[EventCountry "FRA"]
[SourceTitle "EXT 2007"]
[Source "ChessBase"]
[SourceDate "2006.11.23"]
[SourceVersion "1"]
[SourceVersionDate "2006.11.23"]
[SourceQuality "1"]

1. e4 e5 2. Nf3 Nc6 3. Bb5 a6 4. Ba4 Nf6 5. 0-0 b5 6. Bb3 Bc5 7. d3 d6 8. Bg5 0-0 9. Bd5 Bb7 10. c3 Bb6 11. d4 exd4 12. Nxd4 Nxd4 13. Bxb7 Ra7 14. Bxa6 Ne6 15. Bxf6 Qxf6 16. Bxb5 Nc5 17. Nd2 Ra5 18. Bc6 Ra6 19. Bd5 Nd3 20. Qf3 Qxf3 21. Nxf3 Nxb2 22. Rab1 Na4 23. Rbc1 Ba5 24. c4 c6 25. Nd4 cxd5 26. exd5 Nc3 27. Rc2 Bb6 28. Nf5 Ne4 29. Re2 Nf6 30. h3 g6 31. Ne7+ Kg7 32. Rfe1 Re8 33. Nc6 Rxe2 34. Rxe2 Ra4 35. Rb2 Bc5 36. Kf1 Rxc4 37. Rd2 Ne4 38. Rb2 Ba3 39. Re2 Rc1+ 40. Re1 Rxe1+ 41. Kxe1 Nc3 42. Kd2 Nxa2 43. Nd4 Bc5 44. Nb5 Bxf2 45. Nxd6 Nb4 0-1

[Event "FRA-chT U20 0506"]
[Site "France"]
[Date "2005.11.12"]
[Round "1.7"]
[White "Chardon, Xavier"]
[Black "Robinson, Sean"]
[Result "1-0"]
[WhiteElo "1230"]
[BlackElo "1290"]
[PlyCount "83"]
[EventDate "2005.11.12"]
[EventType "team"]
[EventRounds "3"]
[EventCountry "FRA"]
[SourceTitle "CBM 109 Extra"]
[Source "ChessBase"]
[SourceDate "2006.01.03"]
[SourceVersion "2"]
[SourceVersionDate "2006.01.03"]
[SourceQuality "1"]

1. d4 d5 2. c4 c6 3. Nc3 e6 4. Nf3 f5 5. Bf4 Nf6 6. e3 Be7 7. Bd3 0-0 8. 0-0 Nbd7 9. cxd5 cxd5 10. Ne2 Ne4 11. Nc3 Ndf6 12. h3 Bb4 13. Rc1 Bd7 14. a3 Bxc3 15. bxc3 Rc8 16. Qb3 b6 17. Ba6 Rc6 18. Ne5 Nd2 19. Qb2 Nxf1 20. Nxc6 Bxc6 21. Rxf1 Qd7 22. c4 dxc4 23. Bxc4 b5 24. Bb3 Nd5 25. Be5 f4 26. exf4 Nxf4 27. Qa2 Bd5 28. f3 Bxb3 29. Qxb3 a5 30. Rb1 Ne2+ 31. Kh1 Nxd4 32. Bxd4 Qxd4 33. Qxe6+ Kh8 34. Rxb5 Qc3 35. Qd6 Rc8 36. Rf5 Qe1+ 37. Kh2 Qe8 38. Rxa5 Rd8 39. Qc5 Qf7 40. Qg5 Qc7+ 41. f4 Qxa5 42. Qxa5 1-0